Propagación de especies nativas de la Región Andina/ (Registro nro. 17489)

Detalles MARC
000 -CABECERA
Campo de control 01079nam a22002777a 4500
005 - FECHA Y HORA DE LA ULTIMA TRANSACCION
Campo de control 20160220020003.0
008 - ELEMENTOS DE LONGITUD FIJA—INFORMACION GENERAL
Campo de control 150626b2010 ck ||||| |||| 00| 0 spa d
040 ## - FUENTE DE CATALOGACIÓN
Agencia catalogadora original Co-BoIAVH
Agencia transcriptora Co-BoIAVH
041 0# - IDIOMA
Código de idioma para texto/pista de sonido o título separado Español
044 ## - PAÍS DE PUBLICACIÓN
País de publicación Colombia
082 #4 - NUMERO DE CLASIFICACION DECIMAL DEWEY
Número de clasificación 571.2
Número del ítem C85p
100 1# - ASIENTO PRINCIPAL--NOMBRE PERSONAL
Nombre personal Córdoba Cardenas, Sergio
9 (RLIN) 34937
245 10 - MENCION DE TITULO
Título Propagación de especies nativas de la Región Andina/
Mención de responsabilidad Córdoba Cardenas, Sergio... [et. al.]
260 3# - PUBLICACION, DISTRIBUCION, ETC. (PIE DE IMPRENTA)
Lugar de publicación, distribución, etc. Bogotá:
Nombre del editor, distribuidor, etc. Jardín Botánico José Celestino Mutis,
Fecha de publicación, distribución, etc. 2010.
300 ## - DESCRIPCION FISICA
Extensión 184 p.
Otros detalles físicos fot., tab., col.
Dimensiones 28 cm.
500 ## - NOTA GENERAL
Nota general Incluye glosario, índices de figuras, tablas, nombres científicos y nombres comunes,
504 ## - NOTA DE BIBLIOGRAFIA, ETC.
Nota de bibliografía Incluye bibliografía p. 174-180.
650 #4 - ASIENTO SECUNDARIO DE MATERIA - TERMINO TEMATICO
Término temático o nombre geográfico como elemento de entrada Plantas
Subdivisión general Reproducción
Subdivisión geográfica Región Andina
9 (RLIN) 34938
650 #4 - ASIENTO SECUNDARIO DE MATERIA - TERMINO TEMATICO
Término temático o nombre geográfico como elemento de entrada Plantas
Subdivisión general Guía
Subdivisión geográfica Región Andina
9 (RLIN) 34939
650 #4 - ASIENTO SECUNDARIO DE MATERIA - TERMINO TEMATICO
Término temático o nombre geográfico como elemento de entrada Plantas
Subdivisión general Clasificación
Subdivisión geográfica Región Andina
9 (RLIN) 34940
700 1# - ASIENTO SECUNDARIO - NOMBRE PERSONAL
Nombre personal Gúzman Castañeda, Jaime
9 (RLIN) 34941
700 1# - ASIENTO SECUNDARIO - NOMBRE PERSONAL
Nombre personal Pérez Martínez, Jaime
9 (RLIN) 34942
700 1# - ASIENTO SECUNDARIO - NOMBRE PERSONAL
Nombre personal Zúñiga Upegui, Pamela
9 (RLIN) 34943
700 1# - ASIENTO SECUNDARIO - NOMBRE PERSONAL
Nombre personal Pacheco Salamanca, Ricardo
9 (RLIN) 34944
942 ## - ELEMENTOS ADICIONALES (KOHA)
Sistema de clasificación Dewey Decimal Classification
Tipo de ítem Libro
Koha issues (borrowed), all copies 1
Existencias
Withdrawn status Lost status Sistema de Clasificación Damaged status No para préstamo Colección Inventariado Ubicación Permanente Ubicación actual Fecha de adquisición Fuente de Valor Valor Total Checkouts Número topográfico Inventario / Código de Barras Date last seen Date checked out Ejemplar Price effective from Forma de adquisición Tipo de material
    Dewey Decimal Classification     General Inventariado 2017 Bogotá Bogotá 26/06/2015 Instituto 39000.00 1 LB-571.2 C85p 038919 19/02/2016 19/02/2016 Ej. 1 26/06/2015   Libro